000 00288nam a2200097Ia 4500
005 20250424112822.0
008 250424s9999 xx 000 0 und d
300 _avi, 187 p. ; 24 cm.
650 _aMass communication--Nigeria--Periodicals. Communication--Nigeria--Periodicals.
942 _cSR
999 _c37306
_d37306